000 00266nam a2200109Ia 4500
008 220204s9999 xx 000 0 und d
082 _a681.14
_bTWI
100 _aTwitty, William B
245 0 _aUnix on the IBM PC
260 _aNew Delhi
_bGalgotia
_c1987
942 _cBK
999 _c39703
_d39703